000 01054nam0a22002411 4500
001 rc\1083411
005 20250622141118.0
035 _a(NLR Aleph) 006331454
090 _a7549605
_c7549605
100 _a20041126d1983 |||y0rusy50 ca
101 0 _arus
102 _aRU
105 _ay |||||||||
200 1 _aИзоляторы и распорки из специальной керамики
_eВ части подразделов
_e20.30 Изоляторы стеатитовые
_eНоменклатур. каталог НК 20.3.01-83
_eВзамен НС 20.06-79
_fМ-во электротехн. пром-сти, ВНИИ информ. и техн.-экон. исслед. в электротехнике
210 _aМ.
_cИнформэлектро
_d1983
215 _a15 с.
_d21
225 1 _aСерия 20. Электрокерамические изделия. Изоляторы
333 _aДСП. Экз. № 000008
801 0 _aRU
_bNLR
_gpsbo
801 1 _aRU
_bELAR
_2rusmarc
852 _aNLR
_j83-50К/2176
942 _cBOOK
980 _aNB